[Event "Vilafranca del Penedes op 13th"]
[Site "Vilafranca del Penedes"]
[Date "2019.04.26"]
[Round "3"]
[White "Ferre Dalmau, Roger"]
[Black "Sirera Bargallo, Tomas"]
[Result "0-1"]
[WhiteElo "1805"]
[BlackElo "2062"]
[PlyCount "76"]
[EventDate "2019.03.29"]
[EventType "swiss"]
[EventRounds "9"]
[EventCountry "ESP"]
[SourceTitle "CBM 190 Extra"]
[Source "ChessBase"]
[SourceDate "2019.07.15"]
[SourceVersion "1"]
[SourceVersionDate "2019.07.15"]
[SourceQuality "1"]

1. e4 c5 2. Nc3 Nc6 3. Nf3 g6 4. b3 Bg7 5. Bb2 e6 6. Rb1 d6 7. Nb5 Bxb2 8. Rxb2 a6 9. Nc3 Nf6 10. g3 0-0 11. Bg2 d5 12. exd5 exd5 13. 0-0 d4 14. Na4 Nd7 15. Rb1 b5 16. Nb2 Bb7 17. Nd3 Qc7 18. c4 bxc4 19. bxc4 Na5 20. Qc2 Be4 21. Rfe1 Rae8 22. Ng5 Bxd3 23. Qxd3 Ne5 24. Qa3 Naxc4 25. Qxa6 Nxd2 26. Rb7 Nef3+ 27. Bxf3 Rxe1+ 28. Kg2 Qe5 29. h4 Nxf3 30. Nxf3 Qe4 31. Rb3 Rc1 32. Rd3 Rc3 33. Rxc3 dxc3 34. Qa3 Rd8 35. Qa7 Rd3 36. Qb8+ Kg7 37. Qe5+ Qxe5 38. Nxe5 Rd2 0-1